[Event "Paracin op-A 18th"]
[Site "Paracin"]
[Date "2025.07.10"]
[Round "7"]
[White "Amin Erdene, Bayanmunkh"]
[Black "Baturin Vinogradov, Miroslav"]
[Result "1/2-1/2"]
[WhiteElo "2286"]
[BlackElo "2066"]
[PlyCount "138"]
[EventDate "2025.07.04"]
[EventType "swiss"]
[EventRounds "9"]
[EventCountry "SRB"]
[SourceTitle "CB29_2025"]
[SourceDate "2025.07.16"]
[SourceVersion "1"]
[SourceVersionDate "2025.07.16"]
[SourceQuality "1"]

1. e4 e5 2. Bc4 Nf6 3. Nc3 Nc6 4. d3 Na5 5. Qf3 Nxc4 6. dxc4 d6 7. Nge2 Be6 8. b3 Qd7 9. Ng3 Bg4 10. Qd3 g6 11. Be3 Bg7 12. Qd2 h5 13. h3 Be6 14. Qd3 h4 15. Nf1 Nh5 16. Nd2 0-0-0 17. 0-0-0 f5 18. Nf3 Bf6 19. Qe2 Kb8 20. Kb1 Qc6 21. Rhe1 b6 22. Bg5 Bxg5 23. Nxg5 Nf4 24. Qf1 Rh5 25. Nxe6 Nxe6 26. exf5 Rxf5 27. Nd5 Qc5 28. f3 Rf7 29. Qd3 Rg8 30. Qe4 Nf4 31. c3 Nxd5 32. Rxd5 Qf2 33. Re2 Qg3 34. Rdd2 Rgf8 35. a4 Qg5 36. Kb2 a5 37. Qc6 Qe7 38. c5 dxc5 39. Qxg6 c4 40. Qe4 cxb3 41. Qxe5 Qxe5 42. Rxe5 Rf4 43. Kxb3 Rg8 44. Re4 Rxe4 45. fxe4 Re8 46. Re2 Kc8 47. e5 Kd7 48. Kc4 Rg8 49. Kd5 c6+ 50. Ke4 b5 51. Kd4 Rg3 52. Ra2 bxa4 53. Rxa4 Rxg2 54. Rxa5 Rh2 55. Ra7+ Ke6 56. Rc7 Rxh3 57. Rxc6+ Kd7 58. Rh6 Rh1 59. Kd5 Rd1+ 60. Ke4 Re1+ 61. Kf5 Rf1+ 62. Kg5 Rc1 63. Rxh4 Rxc3 64. Kf5 Rf3+ 65. Ke4 Rf1 66. Rh7+ Ke6 67. Rh6+ Ke7 68. Kd5 Rd1+ 69. Ke4 Re1+ 1/2-1/2

[Event "Paracin op-A 18th"]
[Site "Paracin"]
[Date "2025.07.08"]
[Round "5"]
[White "Amin Erdene, Bayanmunkh"]
[Black "Yurasova, Daria"]
[Result "1-0"]
[WhiteElo "2286"]
[BlackElo "2076"]
[PlyCount "203"]
[EventDate "2025.07.04"]
[EventType "swiss"]
[EventRounds "9"]
[EventCountry "SRB"]
[SourceTitle "CB29_2025"]
[SourceDate "2025.07.16"]
[SourceVersion "1"]
[SourceVersionDate "2025.07.16"]
[SourceQuality "1"]

1. d4 d5 2. Nc3 c5 3. Bf4 Nc6 4. e4 cxd4 5. exd5 dxc3 6. dxc6 Qxd1+ 7. Rxd1 bxc6 8. Bc7 Bg4 9. f3 Bd7 10. bxc3 Nf6 11. c4 g6 12. Ne2 Bg7 13. Be5 c5 14. Nc3 0-0 15. Nd5 Nxd5 16. Bxg7 Kxg7 17. cxd5 Rab8 18. Kd2 Rb4 19. Kc3 Rfb8 20. Bc4 Bf5 21. Rhe1 R8b7 22. Rd2 g5 23. Rde2 Kf6 24. g4 Bg6 25. f4 gxf4 26. h4 h6 27. Rf1 Kg7 28. Rxf4 f6 29. g5 fxg5 30. hxg5 h5 31. Rf3 R4b6 32. Rfe3 Kf8 33. Rh2 Rd6 34. Re5 Rbd7 35. a4 Bf7 36. Rd2 Kg7 37. Kb2 Rb6+ 38. Ka3 Rbd6 39. a5 Rb7 40. Be2 h4 41. a6 Rbd7 42. Bc4 h3 43. Bb5 Rxd5 44. Bxd7 Rxe5 45. Bxh3 Rxg5 46. Bf1 Be6 47. Rd8 Rg1 48. Bb5 Ra1+ 49. Kb2 Ra5 50. c4 Kf6 51. Ra8 Ke5 52. Rxa7 Kd4 53. Rxe7 Bxc4 54. Rd7+ Bd5 55. Bc6 Rxa6 56. Bxd5 Rh6 57. Bb3+ Ke3 58. Kc3 Rh1 59. Re7+ Kf4 60. Kc4 Rh5 61. Rd7 Re5 62. Bc2 Ke3 63. Bg6 Re6 64. Bf7 Re5 65. Bd5 Rg5 66. Kxc5 Rg1 67. Re7+ Kf4 68. Rf7+ Ke5 69. Bc4 Rc1 70. Re7+ Kf6 71. Re3 Kf5 72. Kd4 Kf4 73. Bd3 Ra1 74. Re4+ Kg5 75. Re6 Kf4 76. Rf6+ Kg4 77. Be4 Rd1+ 78. Ke5 Kg3 79. Rg6+ Kf2 80. Rg2+ Ke3 81. Rg3+ Kf2 82. Kf4 Rg1 83. Rh3 Ke2 84. Rh2+ Kd1 85. Ke3 Rg3+ 86. Kd4 Rg7 87. Bf5 Rg8 88. Rb2 Kc1 89. Rc2+ Kd1 90. Rh2 Rd8+ 91. Ke3 Kc1 92. Rc2+ Kd1 93. Rb2 Ke1 94. Rb1+ Rd1 95. Rb8 Rd2 96. Rb1+ Rd1 97. Rb2 Rd8 98. Rh2 Kf1 99. Be4 Rg8 100. Rb2 Rg3+ 101. Bf3 Kg1 102. Rb1+ 1-0

[Event "Cesme op-A 11th"]
[Site "Izmir"]
[Date "2025.06.26"]
[Round "5"]
[White "Korkmaz, Necmettin"]
[Black "Amin Erdene, Bayanmunkh"]
[Result "1/2-1/2"]
[WhiteElo "2059"]
[BlackElo "2286"]
[PlyCount "159"]
[EventDate "2025.06.23"]
[EventType "swiss"]
[EventRounds "9"]
[EventCountry "TUR"]
[SourceTitle "CB27_2025"]
[SourceDate "2025.07.02"]
[SourceVersion "1"]
[SourceVersionDate "2025.07.02"]
[SourceQuality "1"]

1. e4 e6 2. d4 d5 3. e5 c5 4. c3 Ne7 5. Nf3 Nec6 6. Be2 b6 7. 0-0 Ba6 8. Bxa6 Nxa6 9. Qe2 Nc7 10. Rd1 Be7 11. c4 cxd4 12. Nxd4 Nxd4 13. Rxd4 Bc5 14. Rg4 dxc4 15. Nc3 Nd5 16. Ne4 Qc7 17. Nxc5 Qxc5 18. Rxc4 Qe7 19. Qg4 f5 20. exf6 Nxf6 21. Qg3 Rd8 22. Bg5 0-0 23. Rc7 Rd7 24. Rac1 Rfd8 25. h3 Kf7 26. R1c3 Rxc7 27. Rxc7 Rd7 28. Bxf6 gxf6 29. Rc4 Qd6 30. Qh4 Qd3 31. Rf4 Qg6 32. Rg4 Qf5 33. Qg3 e5 34. Qb3+ Ke7 35. Qb4+ Kf7 36. Qc4+ Ke7 37. Rg7+ Kd6 38. Rg3 Ke7 39. Rg8 a5 40. Rg7+ Kd6 41. Rg3 Qe6 42. Qc8 Qd5 43. Rc3 Ke7 44. Qh8 Qf7 45. Rc6 Rb7 46. Qc8 Rd7 47. Rxb6 Qxa2 48. Qc6 Qb1+ 49. Kh2 Qf5 50. Qc5+ Kf7 51. Qc4+ Kg7 52. Rb3 Qf4+ 53. Rg3+ Kf8 54. Qg8+ Ke7 55. Qxh7+ Kd8 56. Qg8+ Ke7 57. Qg7+ Ke6 58. Qg8+ Ke7 59. b3 Rd2 60. Qg7+ Ke6 61. f3 Rd7 62. Qg4+ Qxg4 63. Rxg4 Rb7 64. Ra4 Rxb3 65. Rxa5 Kf5 66. Kg3 Rb8 67. Ra4 Rg8+ 68. Rg4 Ra8 69. h4 Rh8 70. Rg7 Rh6 71. Kh3 Kf4 72. Rg4+ Ke3 73. Ra4 Kf2 74. Ra2+ Ke3 75. Ra4 Kf2 76. Rg4 Ke3 77. Kg3 Ke2 78. Re4+ Kf1 79. Kh3 Kf2 80. Ra4 1/2-1/2

[Event "Cesme op-A 11th"]
[Site "Izmir"]
[Date "2025.06.23"]
[Round "1"]
[White "Amin Erdene, Bayanmunkh"]
[Black "Yilmazyerli, Mert"]
[Result "1/2-1/2"]
[WhiteElo "2286"]
[BlackElo "2515"]
[PlyCount "54"]
[EventDate "2025.06.23"]
[EventType "swiss"]
[EventRounds "9"]
[EventCountry "TUR"]
[SourceTitle "CB27_2025"]
[SourceDate "2025.07.02"]
[SourceVersion "1"]
[SourceVersionDate "2025.07.02"]
[SourceQuality "1"]

1. d4 g6 2. e4 Bg7 3. Nc3 d6 4. Be3 a6 5. h4 Nf6 6. f3 h5 7. Qd2 b5 8. 0-0-0 c6 9. Kb1 Qc7 10. e5 Nd5 11. Nxd5 cxd5 12. exd6 Qxd6 13. Bf4 Qb6 14. Be5 Bxe5 15. dxe5 Nc6 16. Ne2 Bf5 17. Nd4 Nxd4 18. Qxd4 Qxd4 19. Rxd4 Rc8 20. Bd3 e6 21. a4 Rc5 22. Rb4 Kd7 23. axb5 Bxd3 24. cxd3 Rb8 25. Rc1 Rcxb5 26. Rxb5 Rxb5 27. f4 a5 1/2-1/2

[Event "Eastern Asia zt 3.3 (Women)"]
[Site "Ulaanbaatar"]
[Date "2025.04.24"]
[Round "2"]
[White "Urangoo, Gurvanbaatar"]
[Black "Amin Erdene, Bayanmunkh"]
[Result "0-1"]
[WhiteElo "1990"]
[BlackElo "2342"]
[PlyCount "65"]
[EventDate "2025.04.23"]
[EventType "swiss"]
[EventRounds "9"]
[EventCountry "MGL"]
[SourceTitle "CB20_2025"]
[SourceDate "2025.05.14"]
[SourceVersion "1"]
[SourceVersionDate "2025.05.14"]
[SourceQuality "1"]

1. e4 e5 2. Nf3 Nc6 3. Bb5 a6 4. Ba4 d6 5. d4 b5 6. Bb3 Nxd4 7. Nxd4 exd4 8. c3 Nf6 9. f4 dxc3 10. Nxc3 Be7 11. Qf3 Bb7 12. 0-0 0-0 13. Bc2 Qd7 14. Rd1 Rae8 15. Qd3 Qc6 16. Qh3 Bd8 17. f5 Qd7 18. Qf3 b4 19. Nd5 Nxd5 20. exd5 Qb5 21. f6 Qc5+ 22. Kh1 Qxc2 23. fxg7 Kxg7 24. Be3 c5 25. Rd3 Qxb2 26. Rf1 Kh8 27. Bc1 Qe2 28. Qf5 Bc8 29. Bb2+ f6 30. Qf4 Qxd3 31. h3 Re4 32. Qf2 Qe2 33. Kg1 0-1

[Event "Eastern Asia zt 3.3 (Women)"]
[Site "Ulaanbaatar"]
[Date "2025.04.23"]
[Round "1"]
[White "Amin Erdene, Bayanmunkh"]
[Black "Maral, Altankhuyag"]
[Result "1-0"]
[WhiteElo "2342"]
[BlackElo "1856"]
[PlyCount "135"]
[EventDate "2025.04.23"]
[EventType "swiss"]
[EventRounds "9"]
[EventCountry "MGL"]
[SourceTitle "CB20_2025"]
[SourceDate "2025.05.14"]
[SourceVersion "1"]
[SourceVersionDate "2025.05.14"]
[SourceQuality "1"]

1. d4 Nf6 2. Bg5 g6 3. Bxf6 exf6 4. c4 Bg7 5. Nc3 b6 6. e3 Bb7 7. Nge2 d6 8. Nf4 Nc6 9. Be2 Ne7 10. Bf3 Bxf3 11. Qxf3 c6 12. 0-0 0-0 13. b4 Rc8 14. Rfd1 f5 15. Rac1 Qd7 16. b5 cxb5 17. cxb5 Rc7 18. Qe2 Rfc8 19. Qb2 d5 20. Nce2 Bh6 21. Rxc7 Rxc7 22. Nd3 Qc8 23. Qa3 Bf8 24. Qb3 a6 25. g3 Rc2 26. Rc1 Rxc1+ 27. Nexc1 axb5 28. Qxb5 Qc6 29. Qb2 Nc8 30. Ne2 Nd6 31. Ne5 Qc7 32. Nf4 Nc4 33. Qc3 b5 34. Nxd5 Qb7 35. Nf4 Nxe5 36. dxe5 Qe4 37. Nd3 Qc4 38. Qb3 Be7 39. Kf1 Kf8 40. Ke2 Qc6 41. Nf4 Qe4 42. Qd5 Qc2+ 43. Kf1 Qb1+ 44. Kg2 Qe4+ 45. Qxe4 fxe4 46. Nd5 Ba3 47. Nc3 Bb2 48. Nxe4 Bxe5 49. f4 Bb2 50. Nd6 b4 51. Nc4 Bc3 52. Kf3 Ke7 53. Ke4 Ke6 54. Kd3 Kd5 55. Nb6+ Kc6 56. Na4 Bf6 57. Kc4 Be7 58. Nb2 Bc5 59. Nd3 Bxe3 60. Ne5+ Kb6 61. Kxb4 Bg1 62. Nf3 Bc5+ 63. Kc4 f6 64. Kd5 Be3 65. Ke6 g5 66. fxg5 fxg5 67. Kf5 h6 68. g4 1-0

[Event "Budapest Vezerkepzo IM-B 12"]
[Site "Budapest"]
[Date "2024.12.06"]
[Round "9"]
[White "Amin Erdene, Bayanmunkh"]
[Black "Matyassy, Lazar"]
[Result "1/2-1/2"]
[WhiteElo "2242"]
[BlackElo "2234"]
[PlyCount "44"]
[EventDate "2024.11.29"]
[EventType "tourn"]
[EventRounds "9"]
[EventCountry "HUN"]
[SourceTitle "CB50_2024"]
[SourceDate "2024.11.01"]
[SourceVersion "1"]
[SourceVersionDate "2024.11.01"]
[SourceQuality "2"]

1. d4 Nf6 2. Bf4 c5 3. dxc5 Na6 4. f3 e6 5. e4 Bxc5 6. Nc3 d5 7. Qd2 dxe4 8. Qxd8+ Kxd8 9. 0-0-0+ Ke7 10. fxe4 Ng4 11. Nh3 Be3+ 12. Bxe3 Nxe3 13. Rd2 Nc5 14. Bd3 Ng4 15. Ng5 Ne5 16. Nf3 Ncd7 17. Bb5 Nxf3 18. gxf3 a6 19. Bxd7 Bxd7 20. Rhd1 Bc6 21. Ne2 Rhc8 22. Nd4 Be8 1/2-1/2

[Event "Budapest Vezerkepzo IM-B 12"]
[Site "Budapest"]
[Date "2024.11.29"]
[Round "1"]
[White "Amin Erdene, Bayanmunkh"]
[Black "Varga, Zoltan"]
[Result "1/2-1/2"]
[WhiteElo "2242"]
[BlackElo "2290"]
[PlyCount "25"]
[EventDate "2024.11.29"]
[EventType "tourn"]
[EventRounds "9"]
[EventCountry "HUN"]
[SourceTitle "CB50_2024"]
[SourceDate "2024.11.01"]
[SourceVersion "1"]
[SourceVersionDate "2024.11.01"]
[SourceQuality "2"]

1. d4 Nf6 2. c4 e6 3. g3 c5 4. d5 exd5 5. cxd5 d6 6. Nc3 g6 7. Bg2 Bg7 8. Nf3 0-0 9. 0-0 Re8 10. Bf4 a6 11. a4 Nh5 12. Bd2 Nf6 13. Bf4 1/2-1/2

[Event "Wch Amateurs U2300"]
[Site "Rhodes"]
[Date "2024.11.01"]
[Round "6"]
[White "Amin Erdene, Bayanmunkh"]
[Black "Castellanos Gomez, Alejandro"]
[Result "0-1"]
[WhiteElo "2015"]
[BlackElo "2299"]
[PlyCount "74"]
[EventDate "2024.10.27"]
[EventType "swiss"]
[EventRounds "9"]
[EventCountry "GRE"]
[SourceTitle "CB45_2024"]
[Source "ChessBase"]
[SourceDate "2024.11.06"]
[SourceVersion "1"]
[SourceVersionDate "2024.11.06"]
[SourceQuality "1"]

1. d4 Nf6 2. Bf4 g6 3. Nc3 d5 4. e3 Bg7 5. Nb5 Na6 6. Nc3 0-0 7. Bxa6 bxa6 8. Be5 Re8 9. Nf3 Ne4 10. Bxg7 Nxc3 11. bxc3 Kxg7 12. Ne5 Qd6 13. f4 Rb8 14. 0-0 Bf5 15. a4 c5 16. Rf2 c4 17. h3 Rb2 18. Nf3 f6 19. Nd2 Reb8 20. g4 Bxc2 21. Qc1 Qe6 22. e4 dxe4 23. Nf1 Rb1 24. Rxb1 Bxb1 25. Rb2 Rxb2 26. Qxb2 Bd3 27. Ne3 Qd6 28. Qb7 Kf7 29. Nd5 g5 30. Ne3 gxf4 31. Nf5 Qe6 32. Qb8 e3 33. d5 Qxd5 34. Nh6+ Kg7 35. Qe8 Qe6 36. Nf5+ Bxf5 37. gxf5 Qe4 0-1

[Event "Wch Amateurs U2300"]
[Site "Rhodes"]
[Date "2024.10.27"]
[Round "1"]
[White "Zebracki, Tomasz"]
[Black "Amin Erdene, Bayanmunkh"]
[Result "0-1"]
[WhiteElo "2214"]
[BlackElo "2015"]
[PlyCount "98"]
[EventDate "2024.10.27"]
[EventType "swiss"]
[EventRounds "9"]
[EventCountry "GRE"]
[SourceTitle "CB45_2024"]
[Source "ChessBase"]
[SourceDate "2024.11.06"]
[SourceVersion "1"]
[SourceVersionDate "2024.11.06"]
[SourceQuality "1"]

1. d4 Nf6 2. Nf3 g6 3. Bf4 Bg7 4. h3 0-0 5. e3 d6 6. Be2 c5 7. 0-0 Nc6 8. c3 cxd4 9. cxd4 e5 10. dxe5 dxe5 11. Nxe5 Nd5 12. Nxc6 bxc6 13. Nc3 Nxf4 14. exf4 Qb6 15. Na4 Qa5 16. Rc1 Be6 17. b3 Rad8 18. Qe1 Qc7 19. Bf3 Qxf4 20. Bxc6 Bxh3 21. Qa5 Bf5 22. Rfd1 Bd4 23. Bf3 Bg4 24. Qd2 Qf5 25. Qe2 h5 26. Rd2 Rfe8 27. Rxd4 Rxe2 28. Rxd8+ Kg7 29. Bxe2 Bxe2 30. Rd4 Bf3 31. Rc5 Qb1+ 32. Kh2 Qf1 33. Rg5 Qxf2 34. Rc4 Kh6 35. Rg3 Bd5 36. Rb4 a5 37. Rb5 Bc6 38. Rxa5 Bxg2 39. Rxh5+ Kxh5 40. Rxg2 Qh4+ 41. Kg1 Qe1+ 42. Kh2 f5 43. Nb2 Qc3 44. Nc4 g5 45. Nd2 g4 46. a4 Qe5+ 47. Kh1 Qe1+ 48. Kh2 f4 49. a5 g3+ 0-1

[Event "Budapest Vezerkepzo IM 10"]
[Site "Budapest"]
[Date "2024.10.18"]
[Round "7"]
[White "Amin Erdene, Bayanmunkh"]
[Black "Advaitt, Srikant Koduri"]
[Result "1-0"]
[WhiteElo "2015"]
[BlackElo "2162"]
[PlyCount "119"]
[EventDate "2024.10.14"]
[EventType "tourn"]
[EventRounds "9"]
[EventCountry "HUN"]
[SourceTitle "CB43_2024"]
[Source "Chessbase"]
[SourceDate "2024.10.23"]
[SourceVersion "1"]
[SourceVersionDate "2024.10.23"]
[SourceQuality "1"]

1. d4 d5 2. Bf4 Nf6 3. e3 e6 4. Nf3 c5 5. Nbd2 Nc6 6. c3 Bd6 7. Bg3 0-0 8. Bd3 b6 9. e4 Be7 10. e5 Nh5 11. Ng5 Bxg5 12. Qxh5 g6 13. Qe2 cxd4 14. h4 Bh6 15. h5 dxc3 16. bxc3 Bg7 17. Kf1 Qc7 18. Re1 Ne7 19. Rh3 Bb7 20. Kg1 Rfe8 21. Bf4 Nf5 22. Nf3 Qxc3 23. Rc1 Qb4 24. Bd2 Qb2 25. Rc7 Re7 26. Rc2 Qa1+ 27. Rc1 Qxa2 28. hxg6 fxg6 29. g4 Rc8 30. Rxc8+ Bxc8 31. gxf5 Qa1+ 32. Kg2 exf5 33. Bg5 Rc7 34. e6 Bf6 35. Rh1 Qb2 36. Qxb2 Bxb2 37. Re1 Kf8 38. Bf4 Bc3 39. Re2 Rc5 40. Bd6+ Ke8 41. Bxc5 bxc5 42. Rc2 Bb4 43. Bb5+ Ke7 44. Ne5 Bxe6 45. Nd3 f4 46. Nxc5 Bf5 47. Nd3 Bd6 48. Ra2 g5 49. Rxa7+ Kf6 50. Ne1 g4 51. Bd3 f3+ 52. Kf1 Be4 53. Bxe4 dxe4 54. Rxh7 Kg5 55. Rd7 Bf4 56. Rd8 Kh4 57. Rd4 g3 58. fxg3+ Kxg3 59. Rxe4 Bd2 60. Re8 1-0

[Event "Budapest Vezerkepzo IM 10"]
[Site "Budapest"]
[Date "2024.10.16"]
[Round "4"]
[White "Turzo, Attila"]
[Black "Amin Erdene, Bayanmunkh"]
[Result "0-1"]
[WhiteElo "2267"]
[BlackElo "2015"]
[PlyCount "106"]
[EventDate "2024.10.14"]
[EventType "tourn"]
[EventRounds "9"]
[EventCountry "HUN"]
[SourceTitle "CB43_2024"]
[Source "Chessbase"]
[SourceDate "2024.10.23"]
[SourceVersion "1"]
[SourceVersionDate "2024.10.23"]
[SourceQuality "1"]

1. d4 Nf6 2. c4 g6 3. Nc3 Bg7 4. e4 d6 5. Be2 0-0 6. Nf3 e5 7. Be3 exd4 8. Nxd4 Re8 9. f3 c6 10. Nc2 Na6 11. Bf2 Nc7 12. 0-0 d5 13. exd5 cxd5 14. c5 Bd7 15. Qd2 a5 16. Rfe1 Bc6 17. b3 Ne6 18. Nd4 Nd7 19. Nxe6 fxe6 20. Rac1 Nf6 21. a3 e5 22. b4 axb4 23. axb4 d4 24. Bc4+ Kh8 25. Nb5 Bd5 26. Nd6 Re7 27. Bxd5 Nxd5 28. Bh4 Qf8 29. Bxe7 Nxe7 30. b5 Nf5 31. Ra1 Rxa1 32. Rxa1 Nxd6 33. cxd6 Qxd6 34. Qd3 h5 35. Qc4 Kh7 36. Rc1 Qa3 37. Rd1 Qb2 38. Qd3 b6 39. Rb1 Qa2 40. Rc1 Bh6 41. Rd1 Qb2 42. g3 Be3+ 43. Kh1 h4 44. Qf1 Qc2 45. Ra1 Kg7 46. Qh3 Qf2 47. Ra7+ Kf6 48. Qxh4+ Ke6 49. Re7+ Kd6 50. Qf6+ Kc5 51. Qxe5+ Kb4 52. Qd6+ Kb3 53. Qd5+ Kb2 0-1

[Event "Budapest FS10 IM"]
[Site "Budapest"]
[Date "2024.10.11"]
[Round "8"]
[White "Gal, Hanna Krisztina"]
[Black "Amin Erdene, Bayanmunkh"]
[Result "1/2-1/2"]
[WhiteElo "2187"]
[BlackElo "2015"]
[PlyCount "61"]
[EventDate "2024.10.05"]
[EventType "swiss"]
[EventRounds "9"]
[EventCountry "HUN"]
[SourceTitle "CB45_2024"]
[Source "ChessBase"]
[SourceDate "2024.11.06"]
[SourceVersion "1"]
[SourceVersionDate "2024.11.06"]
[SourceQuality "1"]

1. e4 e6 2. d4 d5 3. Nc3 Nf6 4. e5 Nfd7 5. f4 c5 6. Nf3 Nc6 7. Be3 Be7 8. Qd2 b6 9. a3 0-0 10. Bd3 f5 11. 0-0 Bb7 12. h3 cxd4 13. Nxd4 Nxd4 14. Bxd4 Nc5 15. Rad1 Rc8 16. Ne2 Rc7 17. c3 g5 18. g3 Kh8 19. Kh2 Rg8 20. Rg1 Qf8 21. Qe3 Nxd3 22. Qxd3 h6 23. Rdf1 Qe8 24. g4 fxg4 25. Rxg4 Qg6 26. Qxg6 Rxg6 27. fxg5 hxg5 28. Be3 Ba6 29. Rf2 Bc5 30. Nd4 Bxd4 31. Bxd4 1/2-1/2

[Event "Budapest FS10 IM"]
[Site "Budapest"]
[Date "2024.10.07"]
[Round "3"]
[White "Amin Erdene, Bayanmunkh"]
[Black "Munkhgal, Gombosuren"]
[Result "1-0"]
[WhiteElo "2015"]
[BlackElo "2410"]
[PlyCount "137"]
[EventDate "2024.10.05"]
[EventType "swiss"]
[EventRounds "9"]
[EventCountry "HUN"]
[SourceTitle "CB45_2024"]
[Source "ChessBase"]
[SourceDate "2024.11.06"]
[SourceVersion "1"]
[SourceVersionDate "2024.11.06"]
[SourceQuality "1"]

1. d4 d5 2. c4 e6 3. Nf3 Nf6 4. g3 Bb4+ 5. Nbd2 dxc4 6. Bg2 b5 7. 0-0 0-0 8. a4 c6 9. Ne1 Nd5 10. Nc2 Be7 11. e4 Nf6 12. e5 Nd5 13. Ne4 Bb7 14. Qg4 Kh8 15. Bg5 Bxg5 16. Nxg5 Qe7 17. f4 h6 18. Ne4 f5 19. Qg6 b4 20. Nd6 Ba6 21. Bxd5 cxd5 22. Nxb4 Bb7 23. a5 Na6 24. Nxa6 Bxa6 25. Rf2 Rab8 26. g4 fxg4 27. f5 exf5 28. Nxf5 Qg5 29. Qxg5 hxg5 30. Re1 Kh7 31. e6 Bb5 32. Nd6 Rxf2 33. Kxf2 Ba4 34. Re2 Rd8 35. Nb7 Rb8 36. Nd6 Rd8 37. Nb7 Rb8 38. Nd6 Rd8 39. Nb7 Rf8+ 40. Kg3 Rf4 41. e7 Rxd4 42. Nd6 Rd1 43. e8Q Bxe8 44. Rxe8 Rd2 45. Re7 Rxb2 46. Rxa7 c3 47. Nf5 c2 48. Rxg7+ Kh8 49. Rc7 Rb3+ 50. Kg2 Rb2 51. Kg3 Rb3+ 52. Kf2 Rf3+ 53. Ke2 Rxf5 54. a6 Rf7 55. Rxc2 Kg7 56. Ra2 Ra7 57. Kd3 Kf6 58. Kd4 Ke6 59. Kc5 Ra8 60. a7 d4 61. Kb6 Ke5 62. Kb7 Rh8 63. a8Q Rxa8 64. Rxa8 d3 65. Kc6 Kd4 66. Rd8+ Ke3 67. Kd5 d2 68. Ke5 Ke2 69. Kf5 1-0

[Event "Phuket Blue Chevaliers op 3rd"]
[Site "Phuket"]
[Date "2024.07.26"]
[Round "8"]
[White "Amin Erdene, Bayanmunkh"]
[Black "Ravi, Teja Sanka"]
[Result "0-1"]
[WhiteElo "2044"]
[BlackElo "2423"]
[PlyCount "66"]
[EventDate "2024.07.21"]
[EventType "swiss"]
[EventRounds "9"]
[EventCountry "THA"]
[SourceTitle "EXT 2025"]
[Source "ChessBase"]
[SourceDate "2024.10.14"]
[SourceVersion "1"]
[SourceVersionDate "2024.10.14"]
[SourceQuality "1"]

1. d4 d5 2. Bf4 c5 3. Nc3 Nc6 4. e4 cxd4 5. exd5 dxc3 6. dxc6 Qxd1+ 7. Rxd1 bxc6 8. Bc7 Bb7 9. bxc3 Nf6 10. Rb1 Bc8 11. Nf3 a5 12. c4 e6 13. Bd3 Bb4+ 14. Ke2 Ba6 15. Rb3 0-0 16. a3 Bc5 17. Bb6 Bxb6 18. Rxb6 e5 19. Nd2 Rfc8 20. Bf5 Rd8 21. Rxc6 Nd5 22. Rc5 Nf4+ 23. Kd1 Rab8 24. Ke1 Nxg2+ 25. Ke2 Rd6 26. Be4 Rbd8 27. Nf3 f6 28. Rg1 Nf4+ 29. Ke3 g6 30. Rb1 Ng2+ 31. Ke2 f5 32. Bb7 Nf4+ 33. Ke3 Rd3+ 0-1

[Event "Phuket Blue Chevaliers op 3rd"]
[Site "Phuket"]
[Date "2024.07.23"]
[Round "4"]
[White "Lux, Hugo de Melo"]
[Black "Amin Erdene, Bayanmunkh"]
[Result "1/2-1/2"]
[WhiteElo "2284"]
[BlackElo "2044"]
[PlyCount "85"]
[EventDate "2024.07.21"]
[EventType "swiss"]
[EventRounds "9"]
[EventCountry "THA"]
[SourceTitle "EXT 2025"]
[Source "ChessBase"]
[SourceDate "2024.10.14"]
[SourceVersion "1"]
[SourceVersionDate "2024.10.14"]
[SourceQuality "1"]

1. e4 e6 2. d4 d5 3. Nc3 Nf6 4. e5 Nfd7 5. f4 c5 6. Nf3 Nc6 7. Be3 Be7 8. Qd2 b6 9. h4 0-0 10. Bb5 Bb7 11. Qf2 f5 12. Ng5 Bxg5 13. hxg5 g6 14. Bxc6 Bxc6 15. dxc5 bxc5 16. Bxc5 Nxc5 17. Qxc5 Qd7 18. 0-0-0 Rfc8 19. Rd4 Rab8 20. Qa5 Bb5 21. Rhd1 Rc6 22. Rb4 Ra6 23. Qxa6 Bxa6 24. Rxb8+ Kg7 25. Rb4 Qc6 26. Rbd4 Bc4 27. a3 Qc7 28. R1d2 h6 29. gxh6+ Kxh6 30. Nd1 g5 31. g3 Kg6 32. Ne3 Bb5 33. g4 Bc6 34. Rg2 gxf4 35. gxf5+ Kf7 36. fxe6+ Kxe6 37. Ng4 Qh7 38. Rh2 Qf5 39. Rh6+ Ke7 40. Nf2 Qxe5 41. c3 Qe3+ 42. Rd2 Qe1+ 43. Nd1 1/2-1/2

[Event "Korumdu Issykkul op-A"]
[Site "Korumdu"]
[Date "2024.06.27"]
[Round "10"]
[White "Tuguldur, Soninbayar"]
[Black "Amin Erdene, Bayanmunkh"]
[Result "1/2-1/2"]
[WhiteElo "1951"]
[BlackElo "1964"]
[PlyCount "22"]
[EventDate "2024.06.22"]
[EventType "swiss"]
[EventRounds "10"]
[EventCountry "KGZ"]
[SourceTitle "CBM 220 Extra"]
[Source "ChessBase"]
[SourceDate "2024.07.31"]
[SourceVersion "1"]
[SourceVersionDate "2024.07.31"]
[SourceQuality "1"]

1. d4 d5 2. Bf4 e6 3. e3 Bd6 4. Bg3 Nf6 5. Nf3 0-0 6. Nbd2 b6 7. Bd3 Bb7 8. 0-0 Ne4 9. c4 Nd7 10. Rc1 f5 11. a3 Bxg3 1/2-1/2

[Event "Korumdu Issykkul op-A"]
[Site "Korumdu"]
[Date "2024.06.25"]
[Round "7"]
[White "Amin Erdene, Bayanmunkh"]
[Black "Tunik, Sergey"]
[Result "1/2-1/2"]
[WhiteElo "1964"]
[BlackElo "2017"]
[PlyCount "70"]
[EventDate "2024.06.22"]
[EventType "swiss"]
[EventRounds "10"]
[EventCountry "KGZ"]
[SourceTitle "CBM 220 Extra"]
[Source "ChessBase"]
[SourceDate "2024.07.31"]
[SourceVersion "1"]
[SourceVersionDate "2024.07.31"]
[SourceQuality "1"]

1. d4 d5 2. Bf4 e6 3. e3 Bd6 4. Bg3 Nf6 5. Nf3 0-0 6. Nbd2 Nbd7 7. Bd3 b6 8. c3 Re8 9. Ne5 Bxe5 10. dxe5 Nc5 11. Bc2 Nfe4 12. f3 Nxd2 13. Qxd2 a5 14. 0-0-0 a4 15. Qd4 Qe7 16. Bh4 Qf8 17. Qg4 Nd7 18. f4 a3 19. b3 f5 20. Qf3 Nc5 21. g4 c6 22. Rhg1 Ra7 23. Rg2 Ne4 24. gxf5 exf5 25. Bxe4 fxe4 26. Qh5 Re6 27. Rdg1 Qe8 28. Qxe8+ Rxe8 29. Bf6 g6 30. h4 Kf7 31. h5 Bf5 32. hxg6+ hxg6 33. c4 dxc4 34. bxc4 Ra4 35. Rc2 Be6 1/2-1/2

[Event "Korumdu Issykkul op-A"]
[Site "Korumdu"]
[Date "2024.06.24"]
[Round "5"]
[White "Amin Erdene, Bayanmunkh"]
[Black "Egorov, Konstantin"]
[Result "1/2-1/2"]
[WhiteElo "1964"]
[BlackElo "2119"]
[PlyCount "73"]
[EventDate "2024.06.22"]
[EventType "swiss"]
[EventRounds "10"]
[EventCountry "KGZ"]
[SourceTitle "CBM 220 Extra"]
[Source "ChessBase"]
[SourceDate "2024.07.31"]
[SourceVersion "1"]
[SourceVersionDate "2024.07.31"]
[SourceQuality "1"]

1. d4 Nf6 2. Bf4 e6 3. e3 c5 4. Nf3 Nc6 5. Nc3 cxd4 6. exd4 Be7 7. a3 Nh5 8. Be3 d5 9. Bd3 Bd6 10. Ne5 Bxe5 11. dxe5 d4 12. Qxh5 dxe3 13. 0-0-0 Qe7 14. Ne4 e2 15. Nd6+ Kf8 16. Bxe2 h6 17. f4 g6 18. Qf3 a6 19. Qd3 Kg7 20. Bf3 Rb8 21. Bxc6 bxc6 22. g4 c5 23. Rhe1 h5 24. g5 Bb7 25. Qc3 Qc7 26. Nxb7 Rxb7 27. Rd6 Rhb8 28. b3 c4 29. Qxc4 Qa5 30. Re3 Qxa3+ 31. Kd2 a5 32. Red3 Rb4 33. Qc7 R8b7 34. Qc8 Rb8 35. Qc7 R8b7 36. Qc8 Rb8 37. Qc7 1/2-1/2